[Event "IECG QE.2001.0.00005"]
[Site "IECG email"]
[Date "2001.08.11"]
[Round "?"]
[White "Otero, Luis"]
[Black "Hopf, Werner"]
[Result "0-1"]
[WhiteElo "1200"]
[BlackElo "1194"]
[PlyCount "40"]
[EventDate "2001.08.11"]
[EventType "tourn (corr)"]
[EventRounds "6"]
[SourceTitle "Corr 2008"]
[Source "ChessBase"]
[SourceDate "2008.06.24"]
[SourceVersion "1"]
[SourceVersionDate "2008.06.24"]
[SourceQuality "1"]

1. e4 e5 2. f4 d5 3. exd5 c6 4. Nc3 exf4 5. Nf3 Bd6 6. Bc4 Ne7 7. dxc6 Nbxc6 8. d4 0-0 9. 0-0 Bg4 10. Ne4 Rc8 11. c3 Bb8 12. Qd3 Ng6 13. Nfg5 Bf5 14. Bxf7+ Rxf7 15. Nxf7 Kxf7 16. Nd6+ Bxd6 17. Qxf5+ Kg8 18. Qe6+ Kh8 19. Bd2 Rc7 20. Rae1 Re7 0-1